| 000 | 00431nam a22001817a 4500 | ||
|---|---|---|---|
| 003 | OSt | ||
| 005 | 20211126151253.0 | ||
| 008 | 211126b |||||||| |||| 00| 0 eng d | ||
| 020 | _a8171416179 | ||
| 040 | _cHU | ||
| 050 | _a370 | ||
| 082 | _a370/DEC | ||
| 100 |
_aDIGUMARTI BHASKARA RAO _920814 |
||
| 245 | _aDECENTRALISED MANAGEMENT OF EDUCATION | ||
| 260 |
_aNew Delhi _bhall _c2001 |
||
| 300 | _a107 | ||
| 942 |
_2ddc _cBOOKS _n0 |
||
| 999 |
_c20418 _d20418 |
||